Convención sobre diversidad biológica: algunas reflexiones desde el contexto Latinoamericano (Registro nro. 10150)
[ vista simple ]
| 000 -CABECERA | |
|---|---|
| Campo de control | 005080000a22001450004500 |
| 090 ## - CLASIFICACIÓN LOCAL | |
| Colección | AR |
| Consecutivo | 01062 |
| 041 0# - IDIOMA | |
| Código de idioma para texto/pista de sonido o título separado | |
| 100 1# - ASIENTO PRINCIPAL--NOMBRE PERSONAL | |
| Nombre personal | Ortiz Quijano, Rosario |
| 245 10 - MENCION DE TITULO | |
| Título | Convención sobre diversidad biológica: algunas reflexiones desde el contexto Latinoamericano |
| 650 14 - ASIENTO SECUNDARIO DE MATERIA - TERMINO TEMATICO | |
| Término temático o nombre geográfico como elemento de entrada | Convenios internacionales |
| 650 14 - ASIENTO SECUNDARIO DE MATERIA - TERMINO TEMATICO | |
| Término temático o nombre geográfico como elemento de entrada | Uso sostenible de la biodiversidad |
| 650 14 - ASIENTO SECUNDARIO DE MATERIA - TERMINO TEMATICO | |
| Término temático o nombre geográfico como elemento de entrada | Desarrollo sostenible |
| 773 1# - Item fuente: | |
| Título | Foro Latinoamericano de Biodiversidad |
| Especificación de materiales | 384 |
| Paginas del Articulo | 1-17 |
| Lugar, editorial y fecha de publicación | 1996? |
| 942 ## - ELEMENTOS ADICIONALES (KOHA) | |
| Tipo de ítem | Artículo |
| Withdrawn status | Lost status | Damaged status | No para préstamo | Colección | Ubicación Permanente | Ubicación actual | Fecha de adquisición | Fuente de Valor | Datos de publicación Seriada | Total Checkouts | Número topográfico | Inventario / Código de Barras | Date last seen | Ejemplar | Price effective from | Forma de adquisición | Tipo de material |
|---|---|---|---|---|---|---|---|---|---|---|---|---|---|---|---|---|---|
| No para Préstamo | Hemeroteca | Bogotá | Bogotá | 27/02/2015 | Muñoz Saba, Yaneth | Fuera de circulación | AR 01062 | 011382 | 25/03/2015 | 1 | 25/03/2015 | Artículo |